| 000 | 00708nam a2200217 a 4500 | ||
|---|---|---|---|
| 005 | 20240925063755.0 | ||
| 008 | 010801s1998 r 000 0 eng d | ||
| 020 | _a9701817397 | ||
| 035 | _aUPN01000110371 | ||
| 049 | _aCG | ||
| 050 | 4 |
_aQA11 _bCH4.3 |
|
| 100 | 1 | _aChevallard, Yves | |
| 245 | 1 | 0 |
_aEstudiar matemáticas : _bel eslabón perdido entre enseñanza y aprendizaje / _cYves Chevallard, Marianna Bosch, Josep Gascón. |
| 260 |
_aMéxico : _bSEP : _bCooperación Española, _c1998. |
||
| 300 | _a335 p. | ||
| 440 | 0 | _aBiblioteca del normalista | |
| 650 | 4 |
_aMatemáticas _xEstudio y enseñanza _93601 |
|
| 700 | 1 |
_aBosch, Marianna, _ecoaut. |
|
| 700 | 1 |
_aGascón, Josep, _ecoaut. |
|
| 905 | _aLibro | ||
| 999 |
_c84280 _d84280 |
||